Aston Villa F.C. 25/26 Squad Numbers - Statistics

General Stats
  • This quiz has been taken 21 times
  • The average score is 22 of 24
Answer Stats
Player Squad Number % Correct
Emiliano Martínez 23
100%
Morgan Rogers 27
100%
Ross Barkley 6
100%
Harvey Elliott 9
100%
Emiliano Buendía 10
94%
Ollie Watkins 11
94%
Lucas Digne 12
94%
Jadon Sancho 19
94%
Matty Cash 2
94%
Leon Bailey 31
94%
Ezri Konsa 4
94%
Boubacar Kamara 44
94%
Tyrone Mings 5
94%
John McGinn 7
94%
Youri Tielemans 8
94%
Pau Torres 14
88%
Ian Maatsen 22
88%
Amadou Onana 24
88%
Lamare Bogarde 26
88%
Victor Lindelöf 3
88%
Marco Bizot 40
88%
Andrés García 16
76%
Evann Guessand 29
71%
Alysson Edward Franco da Rocha dos Santos 47
65%
No matching quizzes found
Score Distribution
Percent of People with Each Score
Percentile by Number Answered
Your Score History
You have not taken this quiz